| 000 | 00986nam a22002777a 4500 | ||
|---|---|---|---|
| 005 | 20110317122522.0 | ||
| 008 | 110317t xxu||||| |||| 00| 0 eng d | ||
| 010 | _aENG-102160 | ||
| 020 |
_a9788125941934 _c475.00 |
||
| 035 | _aEN-85693 | ||
| 037 | _bDBAD/PUB | ||
| 040 |
_adpl _bEng |
||
| 082 | _a657.42 | ||
| 100 | 1 |
_926630 _aArora, M.N. |
|
| 245 | 1 | 0 |
_aA textbook of cost and management accounting / _cby M.N.Arora |
| 250 | _a9th rev. ed | ||
| 260 |
_aNoida _bVikas Publishing House _c2010 |
||
| 270 |
_aE-28, Sector-8 _bNoida _e201301 |
||
| 300 |
_aVarious pagings _c24cm (pbk) |
||
| 500 | _aIncludes index | ||
| 650 | 0 | _926631 | |
| 700 | _926636 | ||
| 942 |
_2ddc _cEN _mARO _h657.42 |
||
| 999 |
_c51124 _d51124 |
||